000 00726nam a2200241Ia 4500
003 GCL
008 140319s9999 xx 000 0 ara d
040 _aGCL /
_cGCL
082 0 4 _aق
_b932
_bد م
100 1 _aمحمد شفيق غبريال (مراجع)
245 1 0 _aمصر /
_cمحمد شفيق غبريال (مراجع)
700 1 _aدريوتون، اتيين
700 1 _aفاندييه جاك
700 1 _aعباس بيومى
260 _a[S.N] :
_bمكتبة النهضة المصرية
300 _a810 ص
490 _a
650 0 4 _aمصر
650 0 4 _aمصر القديمة
650 0 4 _aالجغرافيا التاريخية
650 0 4 _aالحضارة الفرعونية
942 _2ddc
_cBK
999 _c36555
_d36555